000 00621cam a2200205 04500
001 45732
090 _a45732
100 _a19950828d1965 m y0pory5003 ba
101 1 _apor
102 _aPT
200 1 _aO Barão trepador
_fItalo Calvino
_gtrad. José Manuel Calafate
_gcapa João da Câmara Leme
210 9 _aLisboa
_cPortugália,
_d[D.L. 1965]
215 _a297, [1] f.
_d17 cm
225 2 _aO livro de bolso
_v48
_v49
304 _aTít. orig. : Il barone rampante
675 _a821.131.1-31"19"
_vBN
_zpor
700 1 _aCalvino,
_bItalo,
_f1923-1985
702 1 _aCalafate,
_bJosé Manuel
_4730
801 0 _aPT
_bBN
_gRPC
990 _cLIVROS